Métro parisien : La réponse est une station (1) - Statistiques

Statistiques générales
  • Ce quiz a été pris 90 fois
  • Le résultat moyen est 11 sur 20
Statistiques - réponses
Indice Ligne Station % Correct
Elle vient avec l’Égalité et la Fraternité Liberté
91%
On peut y voir Carmen Opéra
85%
Elle n'est pas noire Blanche
75%
Chef-lieu d'Ille-et-Vilaine et de Bretagne Rennes
75%
Il suit l’aîné Cadet
72%
Appartient à l'Ukraine de jure mais à la Russie de facto Crimée
70%
Elle ne parle pas La Muette
70%
Ce qui sépare les Français des Espagnols Pyrénées
70%
Les monarques en ont Couronnes
59%
Parti politique français du XXe siècle Front populaire
57%
Sa localisation est inconnue dans Le bouclier arverne Alésia
47%
Elle est animée par la joie de vivre Gaîté
47%
Ustensile de cuisine pour faire cuire du poisson Poissonnière
46%
Elle s'est effondrée en 1929 Bourse
43%
Député socialiste et républicain du XIXe siècle Louis Blanc
37%
Elle est parfois de la Peur Cité
34%
Il est Beau et Bleu Danube
33%
Dépourvue du Royaume-Uni Europe
29%
Nous sommes tes fils, Révolution ! Victor Hugo
22%
Se fait de la tête Hoche
19%
Aucun quiz correspondant
Distribution des résultats
% des personnes avec chaque résultat
Percentile par nombre de réponses
Votre historique - résultats
Vous n’avez pas pris ce quiz